Sahara Countries Quiz Stats

 Plays Quiz Updated Mar 18, 2018

Also try: Deserts
Challenge
Share
Tweet
Embed
Score 0/10 Timer 02:00
7 Plays Today
% Correct
Egypt
95.8%
Algeria
93.2%
Morocco
92.9%
Libya
91.3%
Sudan
90.2%
Niger
88.5%
Chad
88.4%
Tunisia
87.6%
Mali
84.8%
Mauritania
77.2%

You're not logged in!

Compare scores with friends on all Sporcle quizzes.
OR
Log In

You Might Also Like...

Show Comments

Extras

Top Quizzes Today


Score Distribution

Your Account Isn't Verified!

In order to create a playlist on Sporcle, you need to verify the email address you used during registration. Go to your Sporcle Settings to finish the process.

Report this User

Report this user for behavior that violates our Community Guidelines.

Details: